Animali con la "E" - Statistics

Statistiche generali
  • Questo quiz è stato fatto 156 volte
  • Il punteggio medio è 3 su 15
Statistiche sulle risposte
suggerimento risposta % Corretto
Mammifero di terra più grande al mondo Elefante
98%
Famoso quadro di Leonardo Da Vinci: "La dama e l'_________. Ermellino
95%
E’ un uccello simile allo struzzo diffuso principalmente in Tasmania e in Austria. Emù
81%
Sono dette anche "formichieri spinosi" Echidna
41%
mammiferi carnivori, che appartengono al genere Mirounga Elefanti Marini
11%
ordine di insetti dal corpo allungato terminante con due cerci filamentosi e corte ali trasparenti Effimera
6%
roditore che vive nell'area del corno d'Africa, forma colonie simili a quelle degli insetti sociali (api,vespe,termiti...) e vive in gallerie e tane sotterranee. Di fatto quasi cieco Eterocefalo glabro
4%
grosso rettile diffuso nella zona sud-ovest del Nord-America. Viene chiamato anche Mostro di Gila Eloderma
3%
L’antilope più lenta che è simile al bue ed è la più grande del mondo Eland
2%
Il suo nome scientifico è Eremomela Eremomela
2%
Un pesce che ha la bocca rivolta verso il basso e la testa a forma di triangolo Eartheater
0%
Il loro nome scientifico significa “corpo di piume più morbido” Edredone
0%
è un animale notturno che è più attivo durante una notte di pioggia Eft
0%
insetto infestante appartenente alla famiglia dei Lepidotteri. Diffuso in Europa, si riconosce facilmente perché tende ad annidarsi in luoghi “storici” in estate e primavera. Eilema
0%
primo uccello nativo a cantare al mattino Elepaio
0%
Nessun quiz corrispondente trovato
Distribuzione punteggi
Percentuale di utenti per punteggio
Percentile per numero di risposta
I tuoi punteggi nel tempo
Non hai fatto questo quiz